Statistics for General Knowledge #26

Click here to take the quiz!

General Stats

  • This quiz has been taken 52 times
    (45 since last reset)
  • The average score is 13 of 21

Answer Stats

QuestionAnswer% Correct
Name the first person to walk on the moon.Neil Armstrong
95%
What is the currency of Mexico?Mexican Peso
93%
Who was the first female Prime Minister of the U.K?Margaret Thatcher
90%
What do dentists tend to?Teeth
90%
European who 'discovered' the New World.Christopher Columbus
88%
What country has the highest percentage of redheads?Ireland
85%
What sport do the Red Sox play?Baseball
83%
Who was killed on the Ides of March?Julius Caesar
73%
The northernmost point of Scandinavia is in which country?Norway
73%
Several thousand followers of this religion were killed in the Holocaust.Judaism
68%
Name the horse races in the American Triple Crown.Kentucky Derby
66%
Name the star on Israel's flag.Star of David
66%
The Ganges delta is primarily in what country?Bangladesh
61%
Who was the last Kaiser of Germany?Wilhelm II
59%
The second son of the English monarch is titled the Duke of where?York
54%
A group of owls is called this.Parliament
44%
A Muslim martyr receives how many virgins in heaven?72
29%
Which author wrote 50 Shades of Grey?E.L James
22%
Belmont Stakes
15%
What is the former name of Tasmania?Van Dieman's Land
12%
Preakness Stakes
5%

Score Distribution

Percentile by Number Answered

Percent of People with Each Score

Your Score History

You have not taken this quiz since the last reset